000
00273nam a2200097Ia 4500
001
1140428
005
20250827010100.0
008
250824s9999 xx 000 0 und d
245
0
_a
BALONLU SAKIZ AĞACI
_c
ALEXANDER MCCALL SMİTH
260
_b
GÜNIŞIĞI KİTAPLIĞI YAYINLARI
999
_c
1140428
_d
1140428